000 01268nam a2200289 a 4500
003 OSt
005 20240118143748.0
007 cr ||||||a|c|a
008 240117s2023 mx a|||fom||| 001 0 spa d
040 _erda
100 1 _9188494
_aGrajales García, Liliana del Carmen
245 1 0 _aDiagnóstico coprológico de fisciola hepatica y paramfistómidos en bovinos en Salto de Agua, Chiapas, México /
_cLiliana Del Carmen Grajales García;director de tesis Roberto González Garduño
264 1 _aChapingo, México :
_bEl autor,
_c2023.
300 _a1 recurso en línea (62páginas):
_bfiguras y cuadros..
336 _2rdacontent
_atexto
_btxt
337 _2rdamedia
_acomputadora
_bc
338 _2rdacarrier
_arecurso en línea
_bcr
502 _bIAEZT
_cURUSSE
_d2023.
_gLIC
504 _aIncluye referencias bibliográficas: páginas 41-49
650 4 _9187173
_aTremátodos
_xIdentificación
650 4 _9142457
_aBovinos
_xDesparasitación
650 4 _911185
_aBecerros
_xParásitos
650 4 _9138581
_aAntihelmiticos
700 1 _948939
_aGonzález Garduño, Roberto
_eDirector de tesis.
856 _uhttp://10.13.5.2/tesis/tl/1811004-7_GRAJALES_GARCIA_LILIANADELCARMEN.pdf
_zDESCARGAR PDF
942 _2Clasificación Universidad Autónoma Chapingo
_cTD
999 _c219541
_d219541